Most rookie points since 2005 - Statistics

General Stats
  • This quiz has been taken 4 times
  • The average score is 20 of 26
Answer Stats
points team player % Correct
69 capitals backstrom
100%
85 islanders barzal
100%
102 pinguins crosby
100%
63 predators forsberg
100%
72 blackhawks kane
100%
61 kings kopitar
100%
63 avalanche MacKinnon
100%
85 pinguins malkin
100%
106 capitals ovechkin
100%
77 blackhawks panarin
100%
66 canucks pettersson
100%
61 blackhawks bedard
75%
63 sharks celebrini
75%
64 flames gaudreau
75%
66 canadiens hutson
75%
65 coyotes keller
75%
64 jets laine
75%
61 maple leafs nylander
75%
63 hurricanes skinner
75%
78 avalanche stastny
75%
64 lightning gourde
50%
64 senators stone
50%
61 ducks zegras
50%
69 bruins boyes
25%
63 maple leafs bunting
25%
63 flyers mitchkov
25%
No matching quizzes found
Score Distribution
Percent of People with Each Score
Percentile by Number Answered
Your Score History
You have not taken this quiz